| 000 | 00690nam a2200181 i 4500 | ||
|---|---|---|---|
| 001 | 150527 | ||
| 003 | ES-MaACL | ||
| 005 | 20230906203545.0 | ||
| 007 | t| | ||
| 008 | 071031s1972 sp ||||1| spa d | ||
| 100 | 1 |
_aValdés Larrañaga, Manuel. _9112526 |
|
| 245 | 1 | 0 |
_aDiscurso en el acto de clausura del XXVI Consejo Nacional de la Sección Femenina _b: Murcia, 12 de marzo de 1972 / _cManuel Valdés Larrañaga. |
| 260 |
_a[Madrid] : _bEdiciones del Movimiento, _c[1972] |
||
| 300 |
_a30 p. ; _c19 cm. |
||
| 610 | 2 | 4 |
_aMovimiento Nacional (España). _bDelegación Nacional de la Sección Femenina. _95781 |
| 710 | 2 |
_aEdiciones del Movimiento. _9171800 |
|
| 852 |
_aES-MaACL _j2078-F-9 |
||
| 999 |
_c150527 _d150527 |
||